000 00393nam a22001697a 4500
008 230221b ||||| |||| 00| 0 eng d
020 _a9789391787103
041 _aeng
082 _a344.046
_bTIE
100 _aTiwari, H.N.
245 _aEnvironmental Law
_b
250 _a7th Ed.
260 _aHaryana
_bAllahabad Law Agency
_c2022
300 _a744p.
650 _aLAW
942 _cBK
999 _c49732
_d49732